Descubrir el derecho : (Registro nro. 21582)

Detalles MARC
000 -Cabecera
Campo de control interno 00576nam a22002057a 4500
005 - Fecha y hora del registro
control field 20260318143312.0
008 - Elementos de Longitud Fija
fixed length control field 260318b |||||||| |||| 00| 0 spa d
041 ## - Idioma
Codigo Idioma ESP
082 ## - DEWEY y NOTACIÓN INTERNA
Dewey 340.1
Notación Interna Z58
100 ## - AUTOR
Autor denominación Zegarra Mulanovich, Alvaro
Término de relación autor
245 ## - TÍTULO DE MATERIAL BIBLIOGRÁFICO
Título Descubrir el derecho :
Título paralelo las nociones elementales del derecho privado y del derecho público explicadas en forma sistemática
260 ## - CIUDAD, EDITORIAL, AÑO
Ciudad :
Nombre de la Editorial ,
Año 2009
300 ## - DESCRIPCIÓN
N° Páginas 000 páginas :
Otros detalles ;
Dimensiones 00 cm.
440 ## - MENCIÓN DE SERIE
Título de la Serie ;
650 ## - TEMAS
Temas Derecho
654 ## - PROGRAMAS
Programa Dpto. de Derecho y Ciencia Política
700 ## - OTROS AUTORES
Otros autores ;
942 ## - ELEMENTOS DE KOHA
Tipo de documento Libro
Nombre del creador Justo Noguera
Código de catalogador Justo Noguera
Esquema de clasificación Dewey Decimal Classification
Existencias
Codigo completo Registro Colección Copia número Disponibilidad Tipo de préstamo Biblioteca Actual Procedencia (Biblioteca) Ubicacón Fecha Ingreso Tipo de Adquisición Date last seen Total checkouts Price effective from Tipo de Item Estado del Material Fuente de Clasificación Damaged status Withdrawn status
340.1 Z58 1006671 Universidad Católica San Pablo 1 Disponible Disponible Víctor Andrés Belaunde Víctor Andrés Belaunde Primer piso 18/03/2026 Compra 18/03/2026   18/03/2026 Libro Bueno Dewey Decimal Classification